000 00384nam a2200133 i 4500
001 44403
003 ES-MaACL
007 t|
008 030321s1964 gt ||||1| spa d
245 0 0 _aCódigo aduanero uniforme centroamericano (Cauca).
260 _aGuatemala :
_bIntegración Económica Centroamericana,
_c1964.
300 _a53 p. ;
_c27 cm.
852 _aES-MaACL
_jE-8263
_bR.92808
999 _c44403
_d44403